1443 1395 1294 1735 1827 1977 1916 1624 1237 1799 1500 1717 1561 1443 1865 1020 1687 1116 1451 1774 1077 1995 1567 1707 1342 1055 1663 1746 1847 1249 1852 1020 1685 1519 1989 1413 1043 1058 1026 1414 1270 1210 1243 1157 1144 1802 1676 1534 1959 1496 1345 1011 1318 1999 1835 1713 1884 1038 1879 1217 1603 1019 1841 1640 1606 1746 1045 1340 1827 1708 1753 1767 1343 1764 1000 1245 1000 1882 1819 1640 1657 1376 1142 1065 1056 1631 1193 1446 1201 1758 1191 1804 1268 1032 1206 1511 1057 1566 1604 BCNSPRNW ULIB Ver.6.0+V

เปลี่ยนเป็นภาษาไทย

Change to English
 แสดงรายละเอียดบรรณานุกรม
  กลับหน้าหลัก

Brief Record : Get Marc (ISO 2709) : E-mail record : QR code < ปิดหน้าต่าง
LEADER : 00000nam 2200000uu 4500
001    13399110528
003     ULIB
008    110602s2542||||th 000 0 tha d
020    9747364794
060 04 WQ7^bส879ส 2542
100 0  เสรี ธีรพงษ์,^cพ.ต.ท.
245 10 สุขภาพงอแง /^cพ.ต.ท. เสรี ธีรพงษ์
250    พิมพ์ครั้งที่ 1
260    กรุงเทพฯ :^bสุขภาพใจ,^c2542
300    150 หน้า :^bภาพประกอบ ;^c21 ซม.
650  7 การคลอด^vรวมเรื่อง
650  7 ครรภ์^vรวมเรื่อง
650  7 เด็ก^xสุขภาพและอนามัย
650  7 เด็ก^xการดูแล
650  7 สูติศาสตร์^vรวมเรื่อง
945    ^p100^l0^i013673
945    ^p100^l0^i013672
945    ^p100^l0^i013671
995    ทศพร
999 ^a ใช้งานได้ทุกระบบ
รายการนี้ยังไม่มีแท็ก
คุณยังไม่ได้ล็อกอิน คุณสามารถมีกิจกรรมร่วมกับเว็บไซต์ได้ แต่ต้องล็อกอินก่อน ::
  ล็อกอิน

รายการสื่อสารสนเทศ

ลำดับที่ ประเภท เลขเรียก/บาร์โค้ด สถานที่ สถานะ
- ไม่พบข้อมูล -

รายการใกล้เคียง
    หัวเรื่อง [เด็ก การดูแล]

BibComment


ยังไม่เคยถูกคอมเมนท์

คอมเมนท์ทรัพยากรรายการนี้
  คอมเมนท์: สุขภาพงอแง พตท เ..


 Copyright 2026. Bcnsprnw @Library